000
00285nam a2200121Ia 4500
008
151213s9999 xx 000 0 und d
245
_a
Guinness world Records - 2003
260
_a
New Delhi
_b
DK
_c
2003
300
_a
1515 p.
650
_a
Reference
650
_a
Reference
999
_c
1176
_d
1176